000 00604nam a2200277Ia 4500
005 20260401122259.0
008 008 250103s9999 xx 000 0 eng d
020 _a9780631204350
037 _aTB
040 _aEDL
040 _beng
040 _cEDL
041 _2eng
041 _aeng
084 _a820.9 BRA
084 _qEDL
245 0 _aCompanion to Modernist Literature and Culture
260 _aU.S.A
260 _bBlackwell Publishing
260 _c2006
300 _a593p
942 _cTB
942 _h820.9 BRA
999 _c1846203
_d1846203